Daytona 500 Starters 1963-Present - Statistics

General Stats
  • This quiz has been taken 166 times
    87 since last reset
  • The average score is 190 of 498
Answer Stats
Starts Years Best Start Best Finish Team Birth Place Car # Answer % Correct
10 1959-1965, 1967-1969 4th (1960) 2nd (1960) SJ, Jim Stephens, SJ, Holman-Moody Racing, SJ Miami, Florida 72, 3, 72, 7 Bobby Johns
100%
2 1968-1969 27th (1969) 35th (1968) Bob Casperson, DJ Elverta, California 18 Dick Johnson
100%
21 2002-2020, 2023-2024 1st (2002, 2008) 1st (2006, 2013) Hendrick Motorsports, Legacy Motor Club El Cajon, California 48. 84 Jimmie Johnson
100%
3 1959-1961 16th (1959) 16th (1959) JLJ, W.J. Ridgeway, JLJ Chattanooga, Tennessee 77, 89 Joe Lee Johnson
100%
7 1959-1965 2nd (1965) 1st (1960) Paul Spaulding, John Masoni, Rex Lovette, Fox Racing, JJ & Associates Ronda, North Carolina 11, 27, 3, 27 Junior Johnson
100%
1 1966 46th (1966) 39th (1966) Clay Eastridge Unionville, Virginia 57 Lionel Johnson
100%
1 1965 37th (1965) 37th (1965) David Warren Statesville, North Carolina 53 Pete Stewart
100%
2 1980, 1985 39th (1980) 14th (1980) Johnson Racing, Gray Racing Florence, South Carolina 53, 31 Slick Johnson
100%
17 1999-2015 2nd (1999) 2nd (2004) Joe Gibbs Racing, Stewart-Haas Racing Columbus, Indiana 20, 14 Tony Stewart
100%
12 2013-2024 1st (2014) 1st(2018) Richard Childress Racing Welcome, North Carolina 33, 3 Austin Dillon
96%
31 1977-2003, 2006, 2009-2011 1st (1985, 1986, 1987, 2001) 1st (1985, 1987) E... Racing, Melling Racing, Junior-Johnson and Associates, E...-Hardy Racing, BER, Evernham E..-Marino Racing, Motorsports Evernham Motorsports, MB2 Motorsports, Wood Brothers, Phoenix Racing Dawsonville, Georgia 9, 11 94, 9, 36, 21, 09 Bill Elliott
96%
9 2016-2024 1st (2016, 2017) 3rd (2021) Hendrick Motorsports Dawsonville, Georgia 24, 9 Chase Elliott
96%
15 2006-2020 6th (2011, 2017, 2019) 4th (2009, 2010) Richard Childress Racing, Michael Waltrip Racing, HScott Motorsports, Stewart-Haas Racing Emporia, Kansas 07, 33, 15, 14 Clint Bowyer
96%
23 1979-2001 1st (1996) 1st (1998) Osterlund Racing, Bud Moore Engineering, Richard Childress Racing, Kannapolis, North Carolina 2, 15, 3 Dale Earnhardt
96%
18 2000-2017 1st (2011) 1st (2004, 2014) DEI, Hendrick Motorsports Kannapolis, North Carolina 8, 88 Dale Earnhardt Jr
96%
28 1973-2000 2nd (1981-1982, 1989) 1st (1989) DWM, DiGard Racing, Junior Johnson & Associates, Hendrick Motorsports, DWM, Haas-Carter Motorsports Owensboro, Kentucky 95, 17, 88, 11, 17, 66 Darrell Waltrip
96%
2 2017-2018 27th (2018) 21st (2018 Circle Sport, StarCom Racing Mooresville, North Carolina 33, 00 Jeffrey Earnhardt
96%
16 2009-2024 1st (2024) 1st (2015) Joe Gibbs Racing, Penske Racing Middletown, Connecticut 20, 22 Joey Logano
96%
21 2001-2014, 2016-2021 3rd (2011) 1st (2017) Roush Racing, Penske Racing, Furniture Row Racing, Phoenix Racing Stewart-Haas Racing, Chip Ganassi Racing, 3XE Las Vegas, Nevada 97, 2, 22, 51, 78, 41, 1, 23 Kurt Busch
96%
19 2005-2014, 2016-2024 4th (2009, 2013, 2016) 2nd (2019) Hendrick Motorsports, Joe Gibbs Racing, Richard Childress Racing Las Vegas, Nevada 5, 18, 8 Kyle Busch
96%
27 1981-1988, 1990-2008 1st (1993) 6th (1992) Petty Enterprises, Wood Brothers, SABCO Racing, Team SABCO, PE2 Motorsports, Petty Enterprises, Randleman, North Carolina 42, 7, 21, 42, 44, 45 Kyle Petty
96%
30 1987-2011, 2013-2017 4th (2002-2003) 1st (2001, 2003) Bahari Racing, Mueller Brothers Racing, Bahari Racing, Wood Brothers, Mattei Motorsports, DEI, Bill Davis Racing, Michael Waltrip Racing, Swan Racing, MWR, BK Racing, Premium Motorsports Owensboro, Kentucky 30, 89, 30, 21, 7, 15, 55, 51, 15, 26, 66, 55, 83, 15 Michael Waltrip
96%
3 1962-1964 20th (1962) 19th (1964) Robert Smith, Acey Taylor, Tom Spell Kannapolis, North Carolina 75, 73, 31 Ralph Earnhardt
96%
32 1959-1960, 1962-1964, 1966-1992 1st (1966) 1st (1964, 1966, 1971, 1973-1974, 1979, 1981 Petty Enterprises, Curb Racing, Petty Enterprises Randleman, North Carolina 43 Richard Petty
96%
8 2015-2020, 2022-2023 12th (2016) 6th (2019) Richard Childress Racing, Circle Sport-Leavine Family Racing, Germain Racing, Spire Motorsports Lewisville, North Carolina 33, 95, 13, 42, 77 Ty Dillon
96%
25 1961, 1965-1988 1st (1981) 1st (1978, 1982, 1988 Ralph Stark, Bobby Allison Motorsports, Betty Lilly, Bud Moore Engineering, Bondy Long, Mario Rossi, Bobby Allison Motorsports, Howard & Egerton Racing, Bobby Allison Motorsports, Penske Racing, Bobby Allison Motorsports, Bud Moore, Ranier-Lundy Racing, DiGard Motorsports, Stavola Brothers Racing Miami, Florida 40, 12, 24, 16, 29, 22, 12, 16, 2, 15, 28, 88, 22, 12 Bobby Allison
92%
24 1993-2016 1st (1998) 2nd (1998) Bill Davis Racing,Joe Gibbs Racing, Petty Enterprises, Hall of Fame Racing, TRG Motorsports, JTG Daughtery Racing, H Scott Motorsports, Go Fas Racing Corpus Christi, Texas 22, 18, 43, 96, 71, 47, 33, 32 Bobby Labonte
92%
15 2010-2024 3rd (2022) 3rd (2014) Penske Racing, Roush-Fenway Racing Rochester Hills, Michigan 2, 6 Brad Keselowski
92%
12 1969-1978, 1980-1981 11th (1972) 13th (1974) Seifert Racing, Gordon Racing Horse Shoe, North Carolina 47, 24 Cecil Gordon
92%
7 1987-1993 1st (1991) 1st (1992) Ranier-Lundy Racing, Robert Yates Racing Hollywood, Florida 28 Davey Allison
92%
19 2006-2024 2nd (2018) 1st (2016, 2019, 2020) Joe Gibbs Racing Tampa, Florida 11 Denny Hamlin
92%
13 1967-1971, 1974-1975, 1977-1982 1st (1975, 1977) 3rd (1969) Robert Harper, Holman-Moody, Matthews Racing, DiGard Motorsports, Ellington Racing, Kennie Childers Racing, Ogden Racing Miami, Florida 05, 27, 88, 1, 12, 18 Donnie Allison
92%
23 1993-2015 1st (1999, 2015) 1st (1997, 1999, 2005) Hendrick Motorsports Vallejo, California 24 Jeff Gordon
92%
22 2002-2023 2nd (2002) 1st (2007) Richard Childress Racing, Stewart-Haas Racing Bakersfield, California 29, 4 Kevin Harvick
92%
11 2014-2024 1st (2022) 7th (2016, 2019) Chip Ganassi Racing, Hendrick Motorsports Elk Grove, California 42, 5 Kyle Larson
92%
28 1982-1983, 1986, 1989-2013 1st (2010) 2nd (2007) Martin-Reeder Racing, Jim Stacy Racing, Gunderman Racing, Roush Racing, Ginn Racing, DEI, Hendrick Motorsports, Michael Waltrip Racing Batesville, Arkansas 02, 2, 02, 6 Mark Martin
92%
14 1991, 1997, 2000-2004, 2006-2012 3rd (2003) 6th (2003) Donleavy Racing, Team SABCO, Team Menard, Morgan-McClure Motorsports, Richard Childress Racing, Robby Gordon Motorsports Los Angeles, California 90, 40, 13, 4, 31, 7 Robby Gordon
92%
32 1979-2004, 2006, 2009, 2011-2014 2nd (1984, 1998) 2nd (1986, 1990, 1997) Hagan Racing, Junior Johnson & Associates, Precision Products Racing, Hagan Racing, Hendrick Motorsports, Hall of Fame Racing, Prism Motorsports, FAS Lane Racing, Go Fas Racing Corpus Christi, Texas 44, 11, 1, 94, 14, 5, 96, 66, 32 Terry Labonte
92%
11 2009-2012, 2014-2018,2023- 2024 15th (2010-2012, 2014) 3rd (2009, 2017) Team Red Bull, Richard Petty Motorsports, Penske Racing, JTG Daughtery Racing Los Gatos, California 84, 44, 43, 22, 47, 16 AJ Allmendinger
88%
1 2011 12th (2011) 41st (2011) K-Automotive Motorsports Rochester Hills, Michigan 92 Brian Keselowski
88%
7 2018-2024 6th (2021) 2nd(2018, 2022) Richard Petty Motorsports, Mobile, Alabama 43, 23 Bubba Wallace
88%
1 2001 29th (2001) 29th (2001) Petty Enterprises Monticello, Georgia 44 Buckshot Jones
88%
5 2020-2024 4th (2024) 3rd (2023) Leavine Family Racing, Joe Gibbs Racing Norman, Oklahoma 95, 20 Christopher Bell
88%
23 1960-1971, 1973-1979, 1981, 1983-1985 1st (1974) 1st (1976) Pearson Racing, Tony Lavati, Fox Racing, Owens Racing, Holman-Moody, Wood Brothers, Halpern Enterprises, Bobby Hawkins Racing, Ellington Racing Spartanburg, South Carolina 67, 66, 39, 6, 17, 21, 16, 21 David Pearson
88%
1 1995 33rd (1995) 33rd (1995) Jasper Motorsports Chicago, Illinois 77 Davy Jones
88%
7 2017-2024 8th (2018) 3rd (2019) Furniture Row Racing, Joe Gibbs Racing, Richard Petty Motorsports Byron, Michigan 77,20, 43 Erik Jones
88%
2 2022-2023 8th (2022) 26th (2023) Wood Brothers Huntersville, North Carolina 21 Harrison Burton
88%
20 1994-2013 1st (2006) 2nd (2000) Stavola Brothers Racing, Roush Racing, Richard Childress Racing South Boston, Virginia 8, 99, 31 Jeff Burton
88%
10 1993, 1996-1997, 1999-2003, 2005, 2008 18th (2002) 16th (2003) Team SABCO, FILMAR Racing, Andy Petree Racing, Eel River Racing, DEI, Bill Davis Racing, Michael Waltrip Racing, Furniture Row Racing St Louis, Missouri 40, 81, 55, 27, 1, 23, 00, 87 Kenny Wallace
88%
3 1986, 1989-1990 14th (1989) 14th (1989) Pearson Racing Spartanburg, South Carolina 21, 16 Larry Pearson
88%
20 2005-2024 1st (2009) 2nd (2016) DEI, Earnhardt Ganassi Racing, Michael Waltrip Racing, Furniture Row Racing, Joe Gibbs Racing Mayetta, New Jersey 1, 56, 78, 19 Martin Truex Jr
88%
13 2010, 2012-2013, 2015-2024 2nd (2024) 1st (2021) Prism Motorsports, Phil Parsons Racing, Leavine Family Racing, Circle Sport-Leavine Family Racing, Leavine Family Racing, Front Row Motorsports Phoenix, Arizona 55, 98, 95, 59, 95, 34 Michael McDowell
88%
9 1995-1996, 1998-1999, 2001-2003, 2005-2007, 2015 16th (2015) 4th (2007) Donlavey Racing, Barkdoll Racing, Ultra Motorsports, Andy Petree Racing, Phoenix Racing, Morgan-McClure Motorsports, Phoenix Racing, Premium Motorsports Fenton, Missouri 90, 73, 90, 7, 33, 09, 4, 09, 66 Mike Wallace
88%
3 1960, 1963-1964 12th (1964) 15th (1963) Vel Miletich, Bill Stroppe Torrance, California 97, 15 Parnelli Jones
88%
2 1979, 1988 26th (1979) 15th (1979) Jones Racing Upton, Kentucky 98, 92 Ralph Jones
88%
4 1970-1973 16th (1970) 20th (1973) JK, Roger Lubinski Troy, Michigan 62, 88 Ron Keselowski
88%
23 1982, 1984-2005 5th (1988, 1994, 2000) 3rd (2001) John Childs, Cliff Stewart Racing, Blue Max Racing, Penske Racing, Penske-Kranefuss Racing, Penske Racing South, Penske-Jasper Racing Arnold, Missouri 72, 88, 2, 27, 2 Rusty Wallace
88%
1 2011 36th (2011) 20th (2011) Rusty Wallace Racing Charlotte, North Carolina 77 Steve Wallace
88%
10 1995-2004 6th (2000) 1st (2002) AG Dillard Motorsports, Bill Davis Racing, Haas CNC Racing, South Boston, Virginia 31, 22, 0 Ward Burton
88%
7 2018-2024 1st (2019) 21st (2019) Hendrick Motorsports Charlotte, North Carolina 24 William Byron
88%
8 2014, 2018-2024 1st (2018, 2021, 2023) 11th (2019) BK Racing, Hendrick Motorsports Tucson, Arizona 23, 88 Alex Bowman
85%
13 2009, 2012-2023 3rd (2021) 4th (2017) Earnhardt-Ganassi Racing, Richard Petty Motorsports, Stewart-Haas Racing Fort Walton Beach, Florida 8, 43, 10 Aric Almirola
85%
12 2005-2016 1st (2012) 2nd (2011) Roush Racing, Joe Gibbs Racing Columbia, Missouri 99, 19 Carl Edwards
85%
11 1967, 1970-1979 3rd (1972) 4th (1974, 1977) Charlie Hughes, Cunningham-Kelley Racing Columbia, Tennessee 04, 07, 14 Coo Coo Marlin
85%
8 2007-2008, 2011-2015, 2018 1st (2007) 3rd (2011) Robert Yates Racing, Front Row Motorsports, RBR Enterprises Riverside California 38, 34, 38, 92 David Gilliland
85%
18 1995-2008, 2010-2013 14th (2004) 6th (2004) Nemco Motorsports, Barkdoll Racing, Team SABCO, Andy Petree Racing, Haas-Carter Motorsports, Hendrick Motorsports, MB2 Motorsports, Ginn Racing, Furniture Row Racing, Nemco Motorsports Lakeland, Florida 87, 73, 42, 33, 26, 25, 01, 13, 78, 87 Joe Nemechek
85%
2 2020, 2024 10th (2024) 11th (2020) Front Row Motorsports, Legacy Motor Club Mooresville, North Carolina 38, 42 John Hunter Nemechek
85%
1 1976 35th (1978) 28th (1976) Clay Blackwell Eastaboga, Alabama 10 Johnny Ray
85%
15 2004-2018 4th (2010) 7th (2007-2008, 2017 Evernham Motorsports, Richard Petty Motorsports, Team Red Bull, Levine Family Racing Enumclaw, Washington 9, 4, 5, 95 Kasey Kahne
85%
18 2000-2017 2nd (2016) 1st (2009, 2012) Roush Racing, Joe Gibbs Racing Cambridge, Wisconsin 17, 20 Matt Kenseth
85%
20 2002-2021 7th (2008, 2020, 2021) 1st (2008) Penske Racing South, Penske-Jasper Racing, Stewart-Haas Racing, Richard Childress Racing, Roush Fenway Racing South Bend, Indiana 12, 39, 31, 6 Ryan Newman
85%
26 1980, 1983-2007 1st (1992) 1st (1994, 1995) Cunningham-Kelley Racing, Hamby Racing, Sadler Brothers Racing, Ellington Racing, Hagan Racing, Junior Johnson & Associates, Stavola Brothers Racing, Morgan-McClure Motorsports, Team SABCO, Chip Ganassi Racing, MB2 Motorsports, Ginn Racing Columbia, Tennessee 14, 17, 10, 95, 1, 44, 94, 22, 8, 4, 40, 14 Sterling Marlin
85%
3 2022-2024 14th (2023) 27th (2023) Front Row Motorsports Sherrils Ford, North Carolina 38 Todd Gilliland
85%
28 1963-1964, 1966-1990, 1992 1st (1971) 1st (1972) Nichels Engineering, Matthews Racing, Junior Johnson & Associates, Jack Bowsher & Associates, Wood Brothers, AJ Foyt Enterprises, Ellington Racing, AJ Foyt Enterprises, Morgan-McClure Motorsports, AJ Foyt Enterprises, B&B Racing Houston, Texas 02, 00, 47, 27, 11, 21, 50, 28, 51, 14 AJ Foyt
81%
4 2021-2024 5th (2022) 1st (2022) Penske Racing Columbus, Ohio 33, 2 Austin Cindric
81%
6 1975-1977, 1979-1981 17th (1979) 19th (1979) BH, Walter Ballard, Nelson Malloch Topeka, Kansas 47, 50, 7 Bruce Hill
81%
6 1959-1962, 1964, 1966 5th (1964) 9th (1961) BBR, Petty Enterprises, BBR Charlotte, North Carolina 87, 41, 87 Buck Baker
81%
29 1961-1962, 1964-1988, 1991-1992 1st (1969, 1973, 1979, 1980) 1st (1980) Buck Baker Racing, David Walker, BBR, Fox Racing, Owens Racing, Petty Enterprises, K&K Insurance Racing, Bud Moore Engineering, MC Anderson Racing, Ranier-Lundy Racing, Ellington Racing, Wood Brothers, Baker Schriff Racing, Osterlund Racing, Close Racing Florence, South Carolina 86, 89, 86, 88, 3, 6, 11, 71, 15, 27, 28, 1, 21, 88, 47 Buddy Baker
81%
25 1962, 1964-1988 1st (1968, 1970, 1978, 1984 1st (1968, 1977, 1983, 1984) Julian Buesink, Herman Beam, Gary Weaver, Mathews Racing, Wood Brothers, Fox Racing, Howard & Egerton Racing, Junior Johnson & Associates, MC Anderson Racing, Ranier-Lundy Racing, Cale Yarborough Motorsports Timmonsville, South Carolina 52, 19, 10, 27, 21, 3, 11, 27, 28, 29 Cale Yarborough
81%
1 1989 25th (1989) 40th (1989) Patsy Salmon (Salmon Racing) New Oxford, Pennsyvlania 93 Charlie Baker
81%
9 2016-2024 4th (2022) 3rd (2020) Front Row Motorsports, JTG Daughtery Racing, Roush-Fenway Racing Prosper, Texas 34, 37, 17 Chris Buescher
81%
8 2017-2024 16th (2021) 8th (2020) BK Racing, TriStar Motorsports, Go Fas Racing, Spire Motorsports Charlotte, North Carolina 83, 72, 32, 7 Corey Lajoie
81%
21 1988-2008 1st (1995, 2000) 1st (1993, 1996, 2000) Ellington Racing, Cale Yarborough Motorsports, Wood Brothers, Joe Gibbs Racing, Robert Yates Racing, Michael Waltrip Racing Conover, North Carolina 1, 29, 21, 18, 28, 88, 44 Dale Jarrett
81%
7 2012-2018 1st (2013) 8th (2013) Stewart-Haas Racing, Premium Motorsports Roscoe, Illinois 10, 7 Danica Patrick
81%
12 2000-2008, 2011-2013 20th (2001) 14th (2005) Bill Davis Racing, Jasper Motorsports, BDR, Richard Childress Racing, BDR, Tommy Baldwin Racing Hartford Township, Ohio 93, 77, 07, 22, 36, 7 Dave Blaney
81%
17 2007-2022, 2024 14th (2008) 4th (2020) Roush Racing, Front Row Motorsports, BK Racing, Front Row Motorsports, Rick Ware Racing, Front Row Motorsports Unadilla, Georgia 6, 34, 23, 38, 36 David Ragan
81%
5 1959-1963 2nd (1960) 4th (1962) J...S.... Sandy Springs, Georgia 47 Jack Smith
81%
19 2003-2021 3rd (2017) 1st (2010) Chip Ganassi Racing, Roush Racing, Earnhardt Ganassi Racing, Chip Ganassi Racing, Spire Motorsports Joplin, Missouri 42, 26, 1, 40, 77 Jamie McMurray
81%
7 2007-2013 7th (2013) 6th (2011) Chip Ganassi Racing, Earnhardt-Ganassi Racing Bogota, Columbia 42 Juan Pablo Montoya
81%
4 1984-1987 17th (1984) 14th (1984) Branch-R Racing, Hamby Motorsports, AdCox racing Unadilla, Georgia 77, 17, 77 Ken Ragan
81%
1 2004 41st (2004) 28th (2004) A.J. Foyt Racing Houston, Texas 14 Larry Foyt
81%
2 1989, 1991 38th (1991) 17th (1991) Buddy Arrington, Sam McMahon Glencoe, Alabama 67, 24 Mickey Gibbs
81%
7 1960-1966 3rd (1965) 3rd (1963) NJ, B.G. Holloway, Burton-Robinson, Bondy Long Conover, North Carolina 11 Ned Jarrett
81%
12 2008-2019 7th (2019) 5th (2017) DEI, Robert Yates Racing, Richard Petty Motorsports, Richard Childress Racing, Wood Brothers Eau Claire Wisconsin 15, 98, 27, 21 Paul Menard
81%
1 1995 24th (1995) 29th (1995) Bill Davis Racing Norwalk, Connecticut 22 Randy Lajoie
81%
8 2008-2013, 2015, 2016 5th (2011) 7th (2011, 2013) DEI, Furniture Row Racing, Phoenix Racing, Stewart-Haas Racing, Tommy Baldwin Racing Cato, New York 01, 78, 51 Regan Smith
81%
3 1976-1977-1982 28th (1977) 10th (1982) Dick Midgley, John Edgett Victoria, British Columbia 29, 30 Roy Smith
81%
10 2015-2024 3rd (2018) 2nd (2017, 2020) Wood Brothers, Penske Racing Hartford Township, Ohio 21, 12 Ryan Blaney
81%
1 1992 30th (1992) 22nd (1992) BS&S Motorsports Chelsea, Alabama 49 Stanley Smith
81%
1 2020 32nd (2020) 27th (2020) MBM Motorsports Port Tobacco, Maryland 66 Timmy Hill
81%
2 1966, 1969 32nd (1969) 19th (1966) Archie Smith Advance, North Carolina 38, 33 Wayne Smith
81%
2 2023-2024 14th (2024) 13th (2023) Front Row Motorsports, Spire Motortsports Huntington Beach, California 36, 71 Zane Smith
81%
20 1969-1988 1st (1982) 1st (1975) Russ Dawson, Benny Parsons, DeWitt Racing, MC Anderson Racing, Bud Moore Engineering, Ranier-Lundy Racing, Johnny Hayes Racing, Jackson Bros. Motorsports, Hendrick Motorsports, Donlavey Racing Wilkesboro, North Carolina 88, 72, 27, 15, 28, 55, 35, 90 Benny Parsons
77%
15 1994-2005, 2008-2010 6th (1996) 13th (2004) Hagan Racing, Hagan-Kranefuss Racing, Cale Yarborough Motorsports, Petty Enterprises, DEI, Ppc Racing, Front Row Motorsports Bethlehem, Pennsylvania 14, 37, 98. 43, 1, 14, 34 John Andretti
77%
3 1966-1968 12th (1967) 1st (1967) Smokey, Yunick, Holman-Moody Motovun (Montona) Kingdom of Italy, now Croatia 13, 11 Mario Andretti
77%
11 1983-1990, 1992-1993, 1995 7th (1989) 3rd (1988) Johnny Hayes Racing, Jackson Bros. Motorsports, Morgan-McClure Motorsports, Melling Racing, Larry Hedrick Motorsports, TriStar Motorsports Detroit, Michigan 66, 55, 4, 9, 41, 19 Phil Parsons
77%
13 2012-2024 1st (2020) 1st (2023) Roush Fenway Racing, JTG Daughtery Racing Olive Branch, Mississippi 17, 47 Ricky Stenhouse Jr
77%
1 1973 27th (1973) 10th (1973) Bill Seifert Willowdale, Ontario 45 Vic Parsons
77%
7 1987-1993 9th (1989) 4th (1992) AK Racing Greenfield, Wisconsin 7 Alan Kulwicki
73%
14 1988-1999, 2001-2002 10th (1994) 15th (2001) Bud Moore Engineering, King Racing, Junior Johnson & Associates, B B Racing Chemung, New York 15, 26 11 Brett Bodine
73%
4 2021-2024 9th (2022) 3rd (2022) Stewart-Haas Racing Mitchell, Indiana 14 Chase Briscoe
73%
4 2019-2023 32nd (2022) 17th (2022) Rick Ware Racing Greensboro, North Carolina 52, 51 Cody Ware
73%
15 1987-1988, 1990-2000, 2004, 2021 11th (1998) 1st (1990) Stoke Racing, Testa Racing, Whitcomb Racing, Cale Yarborough Motorsports, Bobby Allison Motorsports, MB2 Motorsports, Bahari Racing, Fenley-Moore Motorsports, Arnold Motorsports, Rick Ware Racing Spanaway, Washington 19, 68, 10, 66, 98, 12, 36, 30, 15, 50, 15 Derrike Cope
73%
13 1999-2010, 2012, 2017 2nd (2004) 2nd (2002) Wood Brothers, Robert Yates Racing, Evernham Motorsports, Richard Petty Motorsports, Richard Childress Racing, Tommy Baldwin Racing Emporia, Virginia 21, 38, 19, 33, 7 Elliott Sadler
73%
21 1979, 1981-1999, 2000 2nd (1986) 1st (1986) Race Hill Farm Team, Bahre Racing, Cliff Stewart Racing, All Star Racing, Hendrick Motorsports, Junior Johnson & Associates, Bud Moore Engineering, Geoff Bodine Racing, Mattei Motorsports, Joe Bessey Motorsports, Phoenix Racing Chemung, New York 47, 23, 88, 5, 11, 15, 7, 60, 09 Geoffrey Bodine
73%
15 2003-2016, 2022 1st (2004) 3rd (2010, 2012) Roush Fenway Racing, NY Racing Vancouver, Washington 16, 44 Greg Biffle
73%
1 2006 41st (2006) 40th (2006) MBA Racing North Barrington, Illinois 00 Hermie Sadler
73%
6 2006-2008, 2011, 2013, 2015 12th (2007) 10th (2013) Joe Gibbs Racing, Hall of Fame Racing, Whitney Motorsports, Tommy Baldwin Racing, BK Racing Phoenix, Arizona 18, 46, 36, 23 JJ Yeley
73%
23 1985-2007 1st (1988-1990) 2nd (1989) Donlavey Racing, Hendrick Motorsports, Andy Petree Racing, MB2 Motorsports, BAM Racing, Wood Brothers/JTG Daughtery Racing, Fenton, Missouri 90, 25, 33, 36, 49, 21 Ken Schrader
73%
5 2019-2023 19th (2022) 7th (2021) Premium Motorsports, Spire Motorsports, Chip Ganassi Racing, Trackhouse Racing Alva, Florida 15, 77, 42, 1 Ross Chastain
73%
5 2019-2021, 2023-2024 11th (2021) 6th (2021) JTG Daughtery Racing, Stewart-Haas Berlin, Connecticut 47, 37, 41 Ryan Preece
73%
4 1994-1995, 2002-2003 6th (2003) 18th (2003) Butch Mock Motorsports, Haas-Carter Motorsports, BelCar Racing Chemung, New York 75, 66, 54 Todd Bodine
73%
9 2004-2006, 2008-2011, 2014, 2016 6th (2009) 7th (2006) Hendrick Motorsports, Team Red Bull, Michael Waltrip Racing, Stewart Haas Racing Thomasville, North Carolina 25, 83, 55, 14 Brian Vickers
69%
7 2017-2019, 2021-2024 13th (2024) 7th (2023) Joe Gibbs Racing, Stewart-Haas Racing, Trackhouse Racing Team Monterrey, Mexico 19, 41, 99 Daniel Suarez
69%
2 1976, 1978 25th (1978) 18th (1978) Hiram Handy, Alfred McClure Watertown, New York 33, 57 Dick May
69%
10 1989-1994, 1996-1999 2nd (1991, 1996) 1st (1991) US Racing, Donlavey Racing, Morgan-McClure Motorsports, Robert Yates Racing, MB2 Motorsports Salinas, California 2, 90, 4, 28, 36 Ernie Irvan
69%
6 1959-1964 1st (1961-1963) 1st (1962) Jim Stephens, John Hines, Smokey Yunick, Jim Stephens, Banjo Matthews, Holman-Moody Tavares, Florida 3, 22 Fireball Roberts
69%
1 2024 30th (2024) TBD Stewart-Haas Racing Hendersonville, Tennessee 4 Josh Berry
69%
4 2020, 2022-2024 22nd (2024) 13th (2020) Kaulig Racing Winamac, Indiana 16, 31 Justin Haley
69%
15 1982-1990, 1993-1998 10th (1988) 2nd (1985) S... Racing, Ellington Racing, RahMoc Enterprises, S...Racing, Bud Moore Engineering, Melling Racing Jackson, Mississippi 66, 1, 75, 83, 15, 9 Lake Speed
69%
8 1974-1981 18th (1981) 9th (1976) Garn Racing, RCR Winston-Salem, North Carolina 96, 3 Richard Childress
69%
29 1977-1979, 1981-2005, 2007 1st (1983) 3rd (1981) Al Rudd Auto, Donlavey Racing, DiGard Motorsports, Richard Childress Racing, Bud Moore Engineering, King Racing, Hendrick Motorsports, Rudd Performance Motorsports, Yates Racing, Wood Brothers, Yates Racing South Norfolk, Virginia 22, 90, 88, 3, 15, 26, 5, 10, 28, 21, 88 Ricky Rudd
69%
3 2009-2010, 2013 30th (2010) 19th (2010 Team Red Bull, Leavine Family Racing Manteca, California 82, 95 Scott Speed
69%
8 2011-2018 11th (2017) 1st (2011) Wood Brothers, Roush Fenway Racing Knoxville, Tennessee 21, 6 Trevor Bayne
69%
15 2003-2016, 2019 9th (2008) 2nd (2006) Chip Ganassi Racing, Hendrick Motorsports, Richard Childress Racing, Germain Racing, Bakersfield, California 41, 42, 25, 5, 07, 13, 27 Casey Mears
65%
15 1966-1977, 1980-1981, 1983 12th (1973) 3rd (1967) Bud Hartje, Hylton Motorsports, Robertson Racing, Hylton Motorsports Inman, South Carolina 48, 23, 48 James Hylton
65%
15 1994-2006, 2008-2009 6th (1999) 3rd (1998) Sadler Brothers Racing, Cale Yarborough Motorsports, Kranefuss-Haas, Penske Kranefuss Racing, Penske Racing South, Evernham Motorsports, HAAS CNC Racing, Mayfield Motorsports Owensboro, Kentucky 95, 98, 37, 12, 19, 70, 41 Jeremy Mayfield
65%
14 1976-1978, 1980-1988, 1990-1991 20th (1976) 8th (1977) Jimmy Means Racing Texarkana, Arkansas/Huntsville Alabama 5, 52 Jimmy Means
65%
6 2009-2014 7th (2012, 2014) 13th (2012) JTG Daughtery Racing, Richard Petty Motorsports Launceston, Tasmania 47, 9 Marcos Ambrose
65%
3 2022- 2024 22nd (2023) 24th (2023) Beard Motorsports, Legacy Motor Club, Stewart- Haas Las Vegas, Nevada 62. 42, 10 Noah Gragson
65%
13 1970, 1975, 1984, 1986, 1990-1998 17th (1995) 5th (1992) Fran Kelly Racing, Puro Racing, Billy Matthews Racing, Cale Yarborough Motorsports, RahMoc Enterprises, Butch Mock Motorsports, Active Motorsports, Bud Moore Engineering, Schnell Motorsports, Donlavey Racing Wisconsin Rapids, Wisconsin 09, 75, 42, 66, 75, 32, 15, 63, 90 Dick Trickle
62%
8 1960, 1962-1967, 1975 18th (1966) 9th (1975) GCSR, Matt DeMatthews, Fox Racing, Cliff Stewart, GCSR Jonesborough, Tennessee 34, 38, 03, 49 G.C. Spencer
62%
15 1969, 1972-1983, 1987, 1989 14th (1975) 7th (1976) McDuffie Racing, Gray Racing, McDuffie Racing, Winkle Motorsports, McDuffie Racing Sanford, North Carolina 70, 19, 70 JD McDuffie
62%
12 1990-1991, 1993-1994, 1996-2001, 2003-2004 7th (1997, 1998) 11th (1996) Osterlund Racing, Travis Carter Enterprises, Bobby Allison Motorsports, Junior Johnson & Associates, Berwick, Pennsylvania 57, 98, 12, 27, 23, 26, 7 Jimmy Spencer
62%
7 1963, 1966-1971 3rd (1967, 1968) 1st (1969) EA McQuaig, Jon Thorne, Junior Johnson & Associates Jacksonville, Florida 98 Leeroy Yarbrough
62%
15 1976-1990 3rd (1980-1981) 4th (1984, 1988) Bonnett Racing, K&K Insurance, Jim Stacy Racing, Wood Brothers, RahMoc Enterprises, Junior Johnson & Associates, Wood Brothers Hueytown, Alabama 12, 71, 5, 21, 75, 12, 75, 21 Neil Bonnett
62%
6 2019-2024 3rd (2024) 27th (2019, 2021) Richard Childress Racing, 23XI Racing Corning, California 31, 8, 45 Tyler Reddick
62%
10 1964, 1966-1974 1st (1972) 2nd (1973) Nichels Engineering, Junior Johnson & Associates, K&K Insurance, Bud Moore Engineering, Matthews Racing Catawba, North Carolina 26, 71, 15, 27 Bobby Isaac
58%
3 2020-2022 12th (2020) 11th (2021) Stewart-Haas Racing Ladera Ranch, California 41 Cole Custer
58%
33 1968-1999, 2002 3rd (1976) 6th (1975, 1978) Larry Wehrs, Milt Lunda, MAR, Penske Racing, MAR, K&K Insurance, Penske, Osterlund Racing, MAR, RahMoc Enterprises, MAR Wausau, Wisconsin 30, 2, 71, 2, 02, 71 Dave Marcis
58%
12 1959-1962, 1965-1972 16th (1971) 12th (1972) Ratus Walters, Happy Steigel, Ratus Walters, Langley Racing Landover, Maryland 10, 16, 77, 64 Elmo Langley
58%
6 2002-2007 1st (2003) 16th (2005) Richard Childress Racing, Petty Enterprises, HAAS CNC Racing Owensboro, Kentucky 30, 43, 66 Jeff Green
58%
2 2014-2015 18th (2015) 27th (2014) HScott Motorsports Spaulding, Illinois 51 Justin Allgaier
58%
9 1995-1999, 2001-2004 14th (1995) 3rd (1997) Larry Hedrick Motorsports, Hendrick Motorsports, SBIII Motorsports, PPI Motorsports Newburgh, Maine 41, 25, 50, 58, 32 Ricky Craven
58%
2 2023-2024 36th (2024) 10th (2023) Rick Ware Racing Las Vegas, Nevada 15 Riley Herbst
58%
5 1998-2001, 2003 23rd (1999) 29th (2003) DEI East Northport, New York 1 Steve Park
58%
12 1991-2002 16th (1999) 8th (2001) Tri-Star Motorsports, SABCO Racing, Petty Enterprises, Morgan-McClure Motorsports, Andy Petree Racing Nashville, Tennessee 68, 40, 43, 4, 55, Bobby Hamilton
54%
1 2005 22nd (2005) 35th (2005) PPI Motorsports Nashville, Tennessee 32 Bobby Hamilton Jr
54%
1 2024 9th (2024) TBD (2024) Spire Motorsports Portage, Michigan 77 Carson Hocevar
54%
9 1989, 1991-1994, 1996-2000 14th (1992) 7th (1998) Donlavey Racing, Little Racing, Cale Yarborough Motorsports, Melling Racing, Mark Rypien Motorsports, Roush Racing Spokane, Washington 90, 19, 66, 9, 97 Chad Little
54%
11 1984-1989, 1991-1992, 1994, 1997-1998 7th (1988) 6th (1985, 1994) Sacks & Sons, DiGard Motorsports, Dingman Brothers Racing, Baker-Schiff Racing, Daytona Speed Inc., Larry Hedrick Motorsports, US Motorsports Inc, Ranier-Walsh Racing, Yarborough-Burdette Motorsports Mattituck, New York 51, 10, 50, 88, 18, 41, 77, 40, 20, 98 Greg Sacks
54%
17 1978-1994 2nd (1982) 6th (1984) Ray Emerson, Kennie Childers Racing, Race Hill Farm Team, Mach 1 Racing, Jackson Bros. Motorosports, Leo Jackson Motorsports Taylorsville, North Carolina 66, 12, 47, 33 Harry Gant
54%
4 1969-1971, 1973 2nd (1973) 1st (1970) King Enterprises, Petty Enterprises, Cotton Owens, Housby Racing Dedham, Massachusetts 1, 40, 6, 9 Pete Hamilton
54%
9 1982, 1986-1993 9th (1987) 7th (1986) Wilson Racing, Morgan-McClure Motorsports, RahMoc Enterprises, Stavola Brothers Racing, Petty Enterprises Bartow, Florida 62, 4, 75, 8, 44 Rick Wilson
54%
1 1965 35th (1965) 35th (1965) Bob Cooper Ft. Mill, South Carolina 61 Barry Brooks
50%
4 2019-2022 37th (2022) 19th (2019) Rick Ware Racing, Live Fast Motorsports Wauchula, Florida 51, 52, 78 BJ McLeod
50%
5 2004, 2017-2020 17th (2004) 7th (2020) Penske-Jasper Racing, Beard Motorsports Las Vegas, Nevada 77, 75 62 Brendan Gaughan
50%
2 2014, 2016 12th (2014) 24th (2016) Richard Childress Racing, Richard Petty Motorsports Boise, Idaho 33, 44 Brian Scott
50%
15 1968-1970, 1972-1973, 1976-1984, 1986 13th (1969) 9th (1973) Arrington Racing, Martinsville, Virginia 67, 5 67 Buddy Arrington
50%
7 2007-2013 20th (2010) 5th (2010) Michael Waltrip Racing, BK Racing Zephyrhills, Florida 00, 93, 83 David Reutimann
50%
16 1969-1971, 1973-1985 5th (1975) 3rd (1973) Brooks Racing, Mario Rossi, Owens Racing, Brooks Racing, Donlavey Racing, Nelson Malloch Racing, Billy Matthews Racing, Bobby Hawkins Racing, Donlavey Racing, Petty Enterprises Porterville, Georgia 32, 22 6, 32, 90, 05, 7, 41, 13, 90, 1 Dick Brooks
50%
2 1968-1969 40th (1969) 33rd (1968) Gene Black, EB Lynchburg, Virginia 75, 26 Earl Brooks
50%
6 1998-2003 5th (2001) 11th (1999) Elliott-Marino Racing, Melling Racing, Hendrick Motorsports, MB2 Motorsports Danbury, Connecticut 13, 9, 25, 01 Jerry Nadeau
50%
7 1959-1963, 1965-1966 11th (1960) 5th (1960) JA, Hanley Dawson, B.G. Holloway, Lou Sidoit, Sam Fletcher, Reid Shaw Greenville South Carolina 8, 69, 7, 69, 14, 0 Johnny Allen
50%
8 1996-1997, 1999-2004 16th (1997) 10th (2002) Bahari Racing, Roush Racing, Tyler Jet Motorsports, MB2 Motorsports, Phoenix Racing Grand Rapids, Michigan 30, 26, 10, 09 Johnny Benson Jr
50%
3 2021-2022, 2024 26th (2024) 26th (2022) Kaulig Racing, The Money Team Racing Boston, Massachusetts 16, 50 Kaz Grala
50%
7 2012, 2014-2017, 2019, 2022 17th (2015) 12th (2014) BK Racing, Hillman Racing, Hillman Smith Motorsports, Front Row Motorsports, StarCom Racing, Spire Motorsports Cedar Rapids, Iowa 83, 40, 38, 34, 00, 77 Landon Cassill
50%
4 1994-1997 1st (1994) 17th (1995) Tri-Star Motorsports, Junior Johnson & Associates Tri-Star Raleigh, North Carolina 19, 27, 19 Loy Allen Jr
50%
2 1973, 1975 28th (1975) 34th (1973) Robbins Racing Glendale, Arizona 42 Marty Robbins
50%
9 1997-2005 1st (1997) 4th (1999) Richard Childress Racing, Morgan-McClure Racing, Richard Childress Racing, Bill Davis Racing Susanville, California 31 Mike Skinner
50%
15 1978, 1982, 1985-1997 3rd (1989) 2nd (1992) Makar Racing, Benfield Racing, Arrington Racing, Race Hill Farm Team, King Racing, Winkle Motorsports, RahMoc Enterprises, Bud Moore Engineering, Wood Brothers, Butch Mock Motorsports, Precision Products Racing Ferguson, North Carolina 84, 98, 67, 47, 26, 97, 75, 15, 21, 75, 1 Morgan Shepherd
50%
10 1989, 1991-1996, 1998-2000 7th (1991) 4th (1991) Mach 1 Racing, Precision Products Racing, Butch Mock Motorsports, Cale Yarborough Motorsports, Larry Hedrick Motorsports Rockbridge Baths, Virginia 66, 1, 75, 98, 41, Rick Mast
50%
4 2008-2010, 2015 19th (2008) 12th (2015) Penske Racing South, Penske Championship Racing, Richard Petty Motorsports Defiance, Ohio 77, 9 Sam Hornish Jr
50%
1 1988 35th (1988) 23rd (1988) Roger Hamby Carrolton, Georgia 22 Steve Moore
50%
9 1991-1999 12th (1995) 4th (1995) US Motorsports Inc., RaDiUs Motorsports, Roush Racing, Butch Mock Motorsports Waukegan, Illinois 55, 16, 75 Ted Musgrave
50%
6 1976-1980, 1982 11th (1978) 6th (1979) Walter Ballard, Tom Pistone Pen Argyl, Pennsylvania 30, 59 Tighe Scott
50%
7 1963-1969 14th (1965) 13th (1966) Scott Racing Danville, Virginia 34 Wendell Scott
50%
3 2005, 2007, 2010 23rd (2007) 14th (2007) MB Sutton Motorsports, No Fear Racing, Latitude 43 Motorsports New York City, New York 36, 60, 26 Boris Said
46%
4 1959-1962 1st (1960) 5th (1961) W.H. WatsonO... Racing Spartanburg, South Carolina 6 Cotton Owens
46%
6 1982-1983, 1985-1986, 1991, 1993 17th (1982) 12th (1982) Jim Stacy Racing, Ulrich Racing, Mueller Brothers Racing, Necedah, Wisconsin 5, 6, 89 Jim Sauter
46%
3 2004, 2007, 2015 21st (2004) 16th (2007) Richard Childress Racing, Haas CNC Racing, BK Racing Necedah, Wisconsin 30, 70, 83 Johnny Sauter
46%
6 2016-2021 9th (2019) 9th (2017) BK Racing, Go Fas Racing, Leavine Family Racing, Wood Brothers Grass Valley, California 93, 32, 95, 21 Matt DiBenedetto
46%
5 1988-1992 25th (1988, 1992) 17th (1992) Barkdoll Racing Phoenix, Arizona 73 Phil Barkdoll
46%
9 1994-2002 15th (1999) 14th (2001) Leo Jackson Motorsports, Diamond Ridge Motorsports, Jasper Motorsports, Melling Racing Asheville, North Carolina 54, 33, 29, 77, 92 Robert Pressley
46%
1 2023 40th (2023) 11th (2023) 23XI Racing Annapolis, Maryland 67 Travis Pastrana
46%
2 2021-2024 36th (2021) 32nd (2021) Front Row Motorsports, Beard Motorsports Ridgefield, Connecticut 38, 62 Anthony Alfredo
42%
2 1966-1967 5th (1966) 27th (1966) Ray Nichels Keokuk, Iowa 07. 2 Don White
42%
4 1977, 1981-1983 16th (1977) 25th (1981) Harris Racing, Howard & Egerton Racing, Cronkrite Racing, Bahre Racing La Crescenta, California 87, 86, 96, 23 Elliott Forbes-Robinson
42%
9 1960-1967, 1971 2nd (1963) 1st (1965) Fred Lorenzen, Tubby Gonzales, Holman-Moody, Nichels Engineering Elmhurst, Illinois 28, 80, 28, 99 Fred Lorenzen
42%
6 1966-1969, 1971-1972 31st (1966) 14th (1972) HG, Harry Melton, HG Rome, Georgia 97, 19 Henley Gray
42%
1 1967 32nd (1967) 26th (1967) Earl Ivey Tenneville, Georgia 78 Joel Davis
42%
11 1982-1986, 1989-1991, 1993-1995 8th (1982) 3rd (1982, 1991) Jim Stacy Racing, Upland, California 2, 98, 4, 26, 45, 32, 75, 20, 80 Joe Ruttman
42%
3 1961-1963 6th (1962) 4th (1963) Dudley Farrell, Holman-Moody Racing Flemingsburg/Maysville, Kentucky/Cincinnati, Ohio 29 Nelson Stacy
42%
7 2006-2009, 2014-2015, 2020 5th (2008) 5th (2008) Chip Ganassi Racing, Richard Petty Motorsports, Tommy Baldwin Racing, Team Xtreme, Premium Motorsports Peachtree City, Georgia 41, 43, 36, 14, 27 Reed Sorenson
42%
5 1959-1963 6th (1963) 7th (1962) RW, White-Clements Racing Taylorsville, North Carolina 4 Rex White
42%
1 1972 20th (1972) 14th (1972) Ralph McNabb Claremont, North Carolina 91 Richard D. Brown
42%
6 2004-2009 12th (2005) 4th (2005) MBV Motorsports, Evernham Motorsports, Haas-CNC Racing, Tommy Baldwin Racing Bahama, North Carolina 10 Scott Riggs
42%
1 2002 36th (2002) 24th (2002) BAM Racing Des Moines, Iowa 49 Shawna Robinson
42%
3 2000-2002 2nd (2001) 10th (2001) Melling Racing, AJ Foyt Racing Hurt, Virginia 9, 92, 14 Stacy Compton
42%
2 1963, 1966 30th (1963) 20th (1963) Toy Bolton Shelby, North Carolina 18 Stick Elliott
42%
12 1959-1960, 1963-1965, 1967-1971, 1973, 1975 5th (1968) 1st (1963) Buck Baker Racing, Bill Gazaway, Wood Brothers, Graham Shaw, Lyle Stelter, Petty Enterprises, Bud Moore Engineering, McConnell Racing, Carl Price Harlan, Iowa 88, 45, 21, 32, 55, 42, 16, 55 Tiny Lund
42%
7 2005-2006, 2008-2011, 2013 25th (2005) 19th (2005) Penske-Jasper Racing, PPI Motorsports, Yates Racing, Front Row Motorsports, BK Racing Janesville, Wisconsin 77, 32, 28, 37, 38, 93 Travis Kvapil
42%
1 1963 15th (1963) 12th (1963) Bill Stroppe Mooreland, Oklahoma 14 Troy Ruttman
42%
8 1992-1997, 1999-2000 9th (1996) 6th (1996) Roush Racing, Petty Enterprises ,Bud Moore Engineering, Team Sabco, Hendrick Motorsports, Galaxy Motorsports Basalt, Colorado 16, 43, 15, 46, 25, 75 Wally Dallenbach Jr
42%
1 1962 14th (1962) 37th (1962) Don House East Brunswick, New Jersey 37 Wally Dallenbach Sr
42%
12 1984-1994, 1997 9th (1988, 1993) 4th (1986) Stavola Brothers Racing, Moroso Racing, Team Ireland, Donlavey Racing, Jasper Motorsports Midland, Texas 8, 27, 31, 90, 77 Bobby Hillin Jr
38%
1 1990 17th (1990) 22nd (1990) Travis Carter Enterprises Coopersville, Michigan 90 Butch Miller
38%
3 2014-2015, 2017 17th (2017) 18th (2017) Swan Racing, Front Row Motorsports, TriStar Motorsports Alpine, California 26, 35, 72 Cole Whitt
38%
3 2019, 2022, 2024 29th (2019) 12th (2022) Richard Childress Racing Kannapolis, North Carolina 8, 16, 31 Daniel Hemric
38%
2 2001, 2005 15th (2001) 34th (2001) Chip Ganassi Racing, Joe Gibbs Racing Long Beach, California 01, 11 Jason Leffler
38%
1 1964 43rd (1964) 40th (1964) Al McCline Neptune Beach, California 97 Joe Clark
38%
5 1959-`1963 2nd (1961) 2nd (1961) E.C. Wilson, Holman-Moody, Bud Moore Engineering Norfolk, Virginia 48, 12, 8 Joe Weatherly
38%
1 2021 33rd (2021) 29th (2021) StarCom Racing Weyer's Cave, Virginia 00 Quinn Houff
38%
2 2004-2005 16th (2005) 3rd (2004) Bill Davis Racing Wausau, Wisconsin 22 Scott Wimmer
38%
4 1959-1961, 1965 5th (1959) 8th (1959) Carl Rupert, W.T. Coppedge, B.G. Holloway, Glen Sweet Chicago, Illinois 59. 08 Tom Pistone
38%
2 2001-2002 21st (2001) 20th (2001) Evernham Motorsports, Ultra-Evernham Motorsports Antioch, Tennessee 19, 7 Casey Atwood
35%
7 1990-1994, 1995-1997 5th (1991) 4th (1993) Tri-Star Motorsports, Bobby Allison Motorsports, Junior Johnson & Associates, Travis Carter Motorsports, Stavola Brothers Racing Calera, Alabama 68, 12, 27, 23, 8 Hut Stricklin
35%
2 1993-1994 25th (1994) 15th (1994) Jimmy Means Racing, RaDiUs Motorsports Horsepasture, Virginia 52, 55 Jimmy Hensley
35%
3 1998-2000 18th (2000) 3rd (1999) Robert Yates Racing, Team SABCO Indianapolis, Indiana 28, 42 Kenny Irwin Jr
35%
7 1959-1962, 1964-1966 4th (1959, 1961) 1st (1961) Tom Vernon, Smokey Yunick, Bob Osiecki, Wood Brothers Menomonie, Wisconsin 98, 20, 90, 21 Marvin Panch
35%
2 1974-1975 10th (1975) 8th (1975) Ray Thornley, Bettie Panch Daytona Beach, Florida 98 Richie Panch
35%
4 1995-1998 2nd (1997) 7th (1995) Diamond Ridge Motorsports, Larry Hedrick Motorsports, Gadsden, Alabama 29, 41 Steve Grissom
35%
3 1961-1963 13th (1963) 10th (1963) Tom Daniels, Monroe Shook, Stewart McKinney Keysville, Virginia 2, 85, 44 Tommy Irwin
35%
1 1968 8th (1968) 4th (1968) Owens Racing Albuquerque, New Mexico 6 Al Unser
31%
1 1993 40th (1993) 36th (1993) Hendrick Motorsports Albuquerque, New Mexico 46 Al Unser Jr
31%
1 1969 8th (1969) 42nd (1969) Smokey Yunick Colorado Springs, Colorado 13 Bobby Unser
31%
5 1959-1961, 1966-1967 1st (1967) 7th (1960) Doc White, Holman-Moody, Wood Brothers, Yunick-Rich Racing Roanoke, Virginia 41, 26, 21, 41, 13 Curtis Turner
31%
1 2008 40th (2008) 33rd (2008) Chip Ganassi Racing Bathgate, Scotland 40 Dario Franchitti
31%
4 2006-2007, 2009, 2012 6th (2007) 11th (2007) Chip Ganassi Racing, Penske, Inception Motorsports, South Bend, Indiana 40, 12, 30 David Stremme
31%
7 1966-1970, 1972-1973 14th (1969) 8th (1972) Jeff Handy, Don Robertson, Christiansburg, Virginia 25 Jabe Thomas
31%
1 2022 40th (2022) 22nd (2022) Team Hezeberg Saint-Jean-Sur-Richelieu, Quebec 27 Jacques Villeneuve
31%
6 1998-2000, 2004-2006 8th (2005) 9th (2005) LJ Racing, Roush Racing, Morgan-McClure Motorsports, R&J Racing, Peak Fitness Racing Shelburne, Vermont 91, 16, 4, 37, 61 Kevin Lepage
31%
2 1962, 1964 25th (1964) 16th (1964) Wade Younts, Ray Nichels Thomasville, North Carolina 36, 27 Larry Thomas
31%
1 2015 4th (2015) 18th (2015) Joe Gibbs Racing Tulare, California 18 Matt Crafton
31%
3 2014-2016 21st (2016) 13th (2015) Tommy Baldwin Motorsports, HScott Motorsports Des Moines, Iowa 36, 46 Michael Annett
31%
1 1986 29th (1986) 34th (1986) Elmo Langley Brownsburg, Indiana 64 Pancho Carter
31%
2 1990, 1999 22nd (1999) 28th (1990) Bickle Racing, Tyler Jet Motorsports Edgerton, Wisconsin 02, 45 Rich Bickle
31%
1 1990 36th (1990) 38th (1990) Moroso Racing Madison, Connecticut 20 Rob Moroso
31%
5 1979-1981, 1983-1984 19th (1981) 17th (1983) Don Robertson, RT Christiansburg, Virginia 25, 41 Ronnie Thomas
31%
5 1981, 1983-1986 10th (1984) 20th (1986) D.K. Ulrich, Blue Max Racing, Hendrick Motorsports Ashland, Ohio 99, 27, 25 Tim Richmond
31%
1 1986 21st (1986) 19th (1986) Freelander Motorsports Richmond, Virginia 18 Tommy Ellis
31%
1 1976 25th (1976) 37th (1976) TW Schertz, Texas 38 Tom Williams
31%
1 2001 9th (2001) 38th (2001) PPI Motorsports Hickory, North Carolina 96 Andy Houston
27%
3 1969, 1971-1972 20th (1972) 17th (1972) Don Culpepper, BA Fairfield, Alabama 76 Ben Arnold
27%
1 1963 27th (1963) 18th (1963) Roscoe Sanders Cuyahoga Falls, Ohio 32 Bob James
27%
4 1976-1979 27th (1976) 13th (1979) Ulrich Racing, J.R. DeLotto, Ulrich Racing Woodbury, New Jersey 40 D.K. Ulrich
27%
3 1973-1974, 1976 12th (1976) 11th (1974) Allan Brooke, DeWitt Racing Fortune, Prince Edward Island 52 Earl Ross
27%
6 1963, 1965-1969 9th (1965) 12th (1965) HBB Houston, Texas 04, 36 H.B. Bailey
27%
1 2003 24th (2003) 14th (2003) Haas-CNC Racing Spring Lake, Michigan 0 Jack Sprague
27%
1 1989 15th (1989) 16th (1989) Bob Whitcomb Fitchburg, Massachusetts 10 Ken Bouchard
27%
1 2006 42nd (2006) 20th (2006) Kirk Shelmerdine Racing Philadelphia, Pennsylvania 27 Kirk Shelmerdine
27%
10 1974-1976, 1978-1981, 1983-1985 7th (1975) 4th (1976) Elder-Ranier, Ranier Racing, Al Rudd Auto, Rahmoc Enterprises, Testa Racing, Tom Beck, Morgan-McClure Motorsports, Hylton Motorsports Ettrick, Virginia 54, 75, 68, 51, 4, 48 Lennie Pond
27%
1 1971 10th (1972) 35th (1972) Roger Penske Newtown Square Pennsylvania 16 Mark Donohue
27%
3 2000, 2005, 2010 28th (2010) 18th (2005) AJ Foyt Racing, Haas-CNC Racing, Tommy Baldwin Racing Milwaukie, Oregon 14, 0, 36 Mike Bliss
27%
2 2014, 2019 25th (2019) 15th (2019) Swan Racing, Gaunt Brothers Racing Westport, Connecticut 30, 96 Parker Kligerman
27%
1 1983 30th (1983) 20th (1983) RB Corpus Christi, Texas 04 Rick Baldwin
27%
6 1982-1987 14th (1986) 6th (1982, 1986) Race Hill Farm Team, Curb Racing, Ellington Racing Fitchburg, Massachusetts 47, 98, 1 Ron Bouchard
27%
1 2001 42nd (2001) 17th (2001) AJ Foyt Enterprises Palmdale, California 14 Ron Hornaday Jr
27%
3 2003, 2007, 2012 20th (2007) 19th (2012) Bace Motorsports, Hall of Fame Racing, Front Row Motorsports Glasgow, Montana 74, 96, 26 Tony Raines
27%
2 2023-2024 15th (2024) 25th (2023) Joe Gibbs Racing Charlotte, North Carolina 54 Ty Gibbs
27%
3 1960-1962 8th (1961) 8th (1962) BM Asheville, North Carolina 93, 94 Banjo Matthews
23%
4 1977, 1979, 1982, 1985 17th (1977) 13th (1985) Gwinn-Wawak, Wawak Racing Villa Park, Illinois 32, 74, 94, 74 Bobby Wawak
23%
1 1988 33rd (1988) 21st (1988) Bob Clark Motorsports Buladean, North Carolina 31 Brad Teague
23%
1 2020 34th (2020) 16th (2020) Premium, Motorsports Folsom, California/The Woodlands, Texas 15 Brennan Poole
23%
1 1979 34th (1979) 39th (1979) RahMoc Enterprises North Miami, Florida 75 Butch Mock
23%
4 1982-1983, 1985, 1992 27th (1992) 25th (1992) Heyward Grooms, H.L. Waters Racing Savannah, Georgia 0 Delma Cowart
23%
2 2017-2018 28th (2017) 24th (2018) Gaunt Brothers Racing St. Thomas, Ontario 77 DJ Kennington
23%
6 1986-1991 23rd (1988) 10th (1989) Gray Racing, Arrington Racing, B&B Racing, US Racing, B&B Racing San Antonio, Texas 54, 67, 23, 2, 23 Eddie Bierschwale
23%
1 1996 18th (1996) 25th (1996) David Blair Motorsports Chesapeake, Virginia 27 Elton Sawyer
23%
13 1966-1974, 1976-1979 7th (1972) 10th (1976, 1979) Harold Rhodes, E.C. Reid, FW Augusta, Georgia 79, 80, 79 Frank Warren
23%
1 1981 23rd (1981) 19th (1981) Roger Hamby Conover, North Carolina 17 Glenn Jarrett
23%
5 1959-1963 29th (1962) 21st (1959) HB Johnson City, Tennessee 19 Herman Beam
23%
2 1974, 1976 14th (1974) 15th (1976) Ray Frederick, Lou Viglione Wilmington, North Carolina 93, 60 Jackie Rogers
23%
4 1991, 1995-1996, 2001 17th (2001) 12th (1996) Phoenix Racing Clarksville, Tennessee 51, 44, 51, 44 Jeff Purvis
23%
1 1963 36th (1963) 35th (1963) JR Crystal Lake, Illinois 58 John Rogers
23%
8 1966-1973 15th (1972) 9th (1972) LG Dewitt, Dennis Gallion, John Sears, J Marvin Mills Ellerbe, North Carolina 04, 4, 86, 4 John Sears
23%
2 2013-2014 11th (2014) 24th (2014) Front Row Motorsports, Phil Parsons Racing Riverside, California 35, 98 Josh Wise
23%
1 1992 21st (1992) 33rd (1992) KT Motorsports Concord, North Carolina 03 Kerry Teague
23%
1 2018 40th (2018) 22nd (2018) MBM Motorsports Cartersville, Georgia 66 Mark Thompson
23%
3 1961, 1967-1968 16th (1967) 39th (1961) Jess Potter, A.J. King, Donald Brackins Johnson City, Tennessee 1, 2 Paul Lewis
23%
1 2000 15th (2000) 19th (2000) PPI Motorsports Roseville, California 32 Scott Pruett
23%
3 1959-1960, 1962 17th (1960) 10th (1959) N/A, Banjo Matthews, Holman-Moody Monroe, North Carolina 1, 94, 15 Speedy Thompson
23%
3 1963-1964, 1968 28th (1963) 39th (1963, 1968) BC Gastonia, North Carolina 51, 61, 02 Bob Cooper
19%
7 1961, 1967-1970, 1972, 1974 4th (1969, 1970) 2nd (1969, 1972) Melvin Black, K&K Insurance Racing Dodge, Friedkin Enterprises, Owens Racing, Nichels Engineering, Owens Racing, Ellington Racing Edwardsville, Indiana 65, 72, 15, 6 99, 6, 28 Charlie Glotzbach
19%
1 2003 34th (2003) 35th (2003) Andy Petree Racing Sao Paulo, Brazil 33 Christian Fittipaldi
19%
3 1979-1980, 1994 15th (1980) 7th (1979) Testa Racing, Bobby Allison Motorsports Portland, Oregon 68, 12 Chuck Bown
19%
1 2023 34th TBD The Money Team Racing Noblesville Indiana 50 Conor Daly
19%
3 1962-1964 7th (1962) 5th (1963) Holman-Moody, Wood Brothers Port Jefferson, New York 0, 12 Dan Gurney
19%
2 1975, 1978 16th (1975) 9th (1978) FH, Jim Stacy Pikeville, Kentucky 82, 6 Ferrel Harris
19%
4 1975, 1977-1979 13th (1978) 14th (1978) Adcox Racing Chattanooga, Tennessee 41 Grant Adcox
19%
1 2018 34th (2018) 20th(2018) BK Racing Colonial Heights, Virginia 23 Gray Gaulding
19%
1 1965 43rd (1965) 33rd (1965) Lester Hunter Greenville, South Carolina 35 Jeff Hawkins
19%
1 1974 33rd (1974) 19th (1974) C. Brothers East Point, Georgia 22 Jimmy Crawford
19%
6 1980-1984, 1986 18th (1983) 7th (1981) Donlavey Racing, Robert McEntyre Racing, RahMoc Enterprises Chatsworth, Georgia 90, 84, 57 Jody Ridley
19%
1 2021 37th (2021) 24th (2021) Rick Ware Racing Menomonee Falls, Wisconsin 52 Josh Bilicki
19%
1 2018 29th (2018) 12th (2018) Rick Ware Racing St. Louis, Missouri 51 Justin Marks
19%
1 2010 31st (2010) 40th (2010) Germain Racing Como, Italy 13 Max Papis
19%
4 1984-1985, 1989, 1990 15th (1990) 12th (1985) Marcis Auto Racing, Sims Brothers Racing, Stavola Brothers Racing, Bobby Allison Motorsports Franklin, Tennessee 71, 84, 12 Mike Alexander
19%
8 1960, 1962, 1965, 1967-1968, 1971-1973 18th, 1972 30th (1972) Kenny Hannan, Frank Rhoads, Ben Arnold, Richard Giachetti, Willie Humphries Nashville, Tennessee 88, 23, 76, 97, 44, 97 Red Farmer
19%
3 2010-2011, 2016 28th (2011) 31st (2010) Front Row Motorsports, BK Racing McKinney, Texas 38, 37, 26 Robert Richardson Jr
19%
1 1978 30th (1978) 15th (1978) RH Ferguson, North Carolina 17 Roger Hamby
19%
5 1972-1975, 1977 18th (1974) 10th (1974) VB, WB Houston, Texas 30, 03 Walter Ballard
19%
1 1998 18th (1998) 29th (1998) Sadler Brothers Racing Indianapolis, Indiana 95 Andy Hillenburg
15%
2 1989, 1995 26th (1995) 22nd (1989) Hess Racing, RaDiUs Motorsports Wadsworth, Ohio 40, 66 Ben Hess
15%
2 1981-1982 35th (1982) 39th (1982) BH Delray Beach, Florida 31 Billie Harvey
15%
1 1969 28th (1969) 48th (1969) Carl Miller Yanceyville, North Carolina 53 Billy Taylor
15%
4 1959-1962 1st (1959) 10th (1962) W.J. Ridgeway, BW, Julian Petty, Denton, North Carolina 49, 44 Bob Welborn
15%
4 1961-1964 23rd (1961) 21st (1964) CC Abbeville, South Carolina 62 Curtis Crider
15%
2 1964-1965 29th (1965) 32nd (1965) Nick Rampling Long Branch, Ontario 2 Jim Bray
15%
3 1990, 1993-1994 28th (1994) 19th (1994) S&H Racing, Active Motorsports, Hover Motorsports Folsom, New Jersey 80, 32, 80 Jimmy Horton
15%
3 2017, 2020-2021 28th (2021) 20th (2021) BK Racing, Rick Ware Racing Cedar Rapids, Iowa 23, 51, 53 Joey Gase
15%
7 1963-1964, 1966, 1974-1975, 1977, 1981 4th (1963) 9th (1963) Smokey Yunick, Bud Moore Engineering, Curtis Satterfield, B&B Racing, DiGard Motorsports, Johnny Ray, Benfield Racing Coffeyville Kansas/Ft Worth Texas 13, 01, 33, 61, 08. 77, 98 Johnny Rutherford
15%
2 1965-1966 21st (1965) 19th (1965) LH Salisbury, North Carolina 44 Larry Hess
15%
1 1963 13th (1963) 30th (1963) Ray Nichels Portland, Oregon 97 Len Sutton
15%
1 1987 30th (1987) 38th (1987) Stahl Racing San Diego, California 82 Mark Stahl
15%
9 1967, 1969-1977 1st (1976) 3rd (1974) RS, Jack Housby, Junie Donlavey, Norris Reed, Lou Viglione Kahoka, Missouri/Keokuk, Iowa 0, 29, 7, 9, 90, 83, 60 Ramo Stott
15%
2 1987, 1989 30th (1989) 19th (1987) DiGard Racing, Mueller Brothers Cincinnati, Ohio 10, 89 Rodney Combs
15%
3 1981, 1987, 1989 17th (1981) 18th (1981) Henley Gray, Ray Moss, Henley Gray Fayetteville, Georgia 19, 86, 19 Ronnie Sanders
15%
2 1981-1982 22nd (1981) 13th (1982) Mach 1 Racing, Ulrich Racing Bishop, California 22, 6 Stan Barrett
15%
1 1969 46th (1969) 46th (1969) Carl Manis Clarksville, Indiana 69 Bill Kimmel Sr.
12%
4 1968-1969, 1971-1972 22nd (1969) 15th (1968) BS Skyland, North Carolina 45 Bill Seifert
12%
1 1998 36th (1998) 35th (1998) Standridge Motorsports Shelby, North Carolina 47 Billy Standridge
12%
3 1962-1964 21st (1964) 6th (1964) Luther Costales, Cotten Owens, Bud Moore Houston, Texas 01, 5, 1 Billy Wade
12%
1 1992 36th (1992) 42nd (1992) Sadler Brothers Racing Lombard, Illinois 95 Bob Schacht
12%
1 1987 26th (1987) 39th (1987) Fillip Racing San Angelo, Texas 81 Chet Fillip
12%
3 1968-1970 23rd (1970) 25th (1969) DT Miami Beach, Florida 0, 37 Don Tarr
12%
2 1960-1961 15th (1960) 10th (1961) Monroe Shook Richmond, Virginia 85 Emanuel Zervakis
12%
1 1972 34th (1972) 15th (1972) George Altheide Morristown, Tennessee 0 George Altheide
12%
3 1966-1967, 1973 5th (1973) 29th (1966) K&K Insurance, RL Diestler, Lyle Stelter, Ellington Racing Hastings, Michigan 71, 85, 28 Gordon Johncock
12%
3 1973-1975 6th (1973) 5th (1973) Beryl Jackson, Petty Enterprises, Friez Enterprises Bridal Veil, Oregon 04, 69 Hershel McGriff
12%
2 1977, 1980 18th (1980 11th (1980) Lynda Ferreri, Osterlund Racing Iowa City, Iowa 68, 82 Janet Guthrie
12%
4 1979-1982 8th (1980) 9th (1981) L.G. DeWitt, RahMoc Enterprises, Cliff Stewart Randleman, North Carolina 72, 75, 50 Joe Millikan
12%
2 1980-1981 21st (1980) 30th (1980) Jack Housby, D.K. Ulrich Des Moines, Iowa 8, 99 Kevin Housby
12%
1 1968 24th (1968) 18th (1968) Tom Hunter Salisbury, North Carolina 46 Larry Manning
12%
1 1992 29th (1992) 30th (1992) Balough Racing Johnson City, Tennessee 77 Mike Potter
12%
7 1964-1967, 1969-1971 20th (1969 12th (1970) Buck Baker Racing, Emory Gilliam, NC Charlotte, North Carolina 86, 87, 00, 06 Neil Castles
12%
7 1961, 1963-1964, 1966-1969 1st (1964) 3rd (1961, 1964) Ray Nichels St Clair Shores, Michigan 31, 01, 25, 99 Paul Goldsmith
12%
3 1969-1970, 1973 12th (1970) 10th (1969) E... Racing Carruthers, California 96 Ray Elder
12%
2 1969-1970 10th (1970) 6th (1970) Dub Clewis, Bill Ellis Rocky Point, North Carolina 03, 14 Richard Brickhouse
12%
4 1965-1968 10th (1965) 5th (1966) Betty Lilly, Ray Nichels, Bud Moore, Nord Krauskopf Columbus, Georgia 24, 98, 15, 37 Sam McQuagg
12%
4 1976-1979 18th (1978-1979) 12th (1978) Ferrel Harris, Billy Hagan, Roger Hamby Bogalusa, Louisiana 82, 92, 17 Skip Manning
12%
1 1995 42nd (1995) 40th (1995) King Racing Bloomington, Indiana 26 Steve Kinser
12%
2 1976-1977 2nd (1976) 6th (1976) Bill Monaghan Davenport, Iowa 81 Terry Ryan
12%
10 1970-1972, 1975, 1978, 1980-1984 20th (1971) 11th (1972) Walt Valerio, Larry Jackson, Frank Vasko, Elmo Langley McKeesport, Pennsylvania 03, 64 Tommy Gale
12%
5 1984-1988 19th (1986) 18th (1986) Hylton Motorsports, Benfield Racing, U.S. Racing, Sadler Brothers Racing Calgary, Alberta 48, 98, 6, 19 Trevor Boys
12%
1 2006 29th (2006) 21st(2006) BAM Racing North Barrington, Illinois 49 Brent Sherman
8%
1 1963 31st (1963) 43rd (1963) W.M. Harrison Augusta, Georgia 71 Bubba Farr
8%
1 1965 30th (1965) 25th (1965) BS Timberville, Virginia 37 Bub Strickler
8%
1 1966 27th (1966) 46th (1966) Hubert Howard Greenville, South Carolina 23 Calvin Kelly
8%
3 1984, 1987-1988 25th (1987) 22nd (1984) Adcox Racing, Langley Racing, Ball Motorsports Johnson City, Tennessee 29, 64, 99 Connie Saylor
8%
7 1961, 1963-1968 1st (1965) 2nd (1965) Ray Nichels, Bill Stroppe, Bud Moore, Junior Johnson, Mario Rossi Indianapolis, Indiana 26, 16, 22 Darel Dieringer
8%
5 1972-1976 12th (1975) 7th (1972) McGee Racing, S... Racing Nashville, Tennessee 05 David Sisco
8%
3 1965-1967 2nd (1966) 7th (1965) Holman-Moody Keokuk, Iowa 29 Dick Hutcherson
8%
1 1992 31st (1992) 19th (1992) Donlavey Racing Kirkwood, Missouri 90 Dorsey Schroeder
8%
1 2000 26th (2000) 37th (2000) Donlavey Racing Winston-Salem, North Carolina 90 Ed Berrier
8%
3 1961-1963 25th (1962) 22nd (1963) Curtis Crider, EL, Mamie Reynolds Folly Beach, South Carolina 68, 56 Ed Livingston
8%
3 1960-1961, 1964 24th (1960) 23rd (1961) W.H. Watson, Charlie Chapman, Paul Clayton Spartanburg, South Carolina 70, 41, 70 Elmo Henderson
8%
2 1979, 1982 27th (1979) 11th (1982) Billie Harvey, RahMoc Enterprises Ft Lauderdale, Florida 87, 75 Gary Balough
8%
2 1967, 1974 34th (1974) 12th (1974) Tom Hixon, Roger Penske Tinley Park, Illinois 51, 16 Gary Bettenhausen
8%
1 1967 20th (1967) 27th (1967) Ray Fox Mytholmroyd, West Yorkshire (England) 31 Innes Ireland
8%
1 1990 23rd (1990) 25th (1990) Close Racing Augusta, Georgia 47 Jack Pennington
8%
1 1990 39h (1990) 31st (1990) Aroneck Racing Auburn, New York 53 Jerry O'Neil
8%
1 1964 46th (1964) 45th (1964) Jack Anderson Norwalk, California 20 Jim Cook
8%
6 1961-1964, 1966-1967 3rd (1961) 5th (1964) John Masoni, Cliff Stewart, Petty Enterprises, Cotton Owens, Tom Friedkin High Point, North Carolina 3, 2, 42, 5, 14 Jim Paschal
8%
8 1970-1975, 1977-1980 6th (1971) 3rd (1972) Ray Fox, O.L. Nixon, John Keselowski, Harry Ranier, O.L. Nixon, Huntersville, North Carolina 3, 31, 99, 31, 89 Jim Vandiver
8%
8 1959-1966 7th (1965) 8th (1964) LF, Lynton Tyson, Dick Wright, Ratus Walters, Holman-Moody Racing, LF, Ray Nichels Indianapolis, Indiana 76, 66, 06, 29, 76, 9 Larry Frank
8%
2 1965-1966 29th (1966) 30th (1966) Toy Bolton Claremont, North Carolina 18, 61 Ned Setzer
8%
2 1977-1978 2nd (1978) 4th (1978) Norris Reid, A.J. Foyt Keokuk, Iowa 83, 53 Ron Hutcherson
8%
1 1991 32nd (1991) 41st (1991) Moroso Racing Bartlett, Tennessee 20 Sammy Swindell
8%
3 1982-1983, 1987 22nd (1983) 7th (1983) Rogers Racing, Bay Darnell, Jackson Bros. Motorsports Spokane, Washington 37, 53, 66 Tom Sneva
8%
1 1974 26th (1974) 33rd (1974) Gordan Van Liew Indianapolis, Indiana 9 Tony Bettenhausen Jr
8%
5 1966, 1968-1969, 1971-1972 27th (1971) 16th (1971) BC Norfolk, Virginia 10 Bill Champion
4%
5 1971-1974, 1979 10th (1971) 14th (1979) Junie Donlavey, HJ Brooking, Junie Donlavey, Henley Gray Glen Allen, Virginia 90, 17, 90, 19 Bill Dennis
4%
1 1980 20th (1980) 23rd (1980) BS Redding, California 73 Bill Schmitt
4%
1 1980 42nd (1980) 32nd (1980) D.K. Ulrich Lubbock, Texas 40 Bill Whittington
4%
1 1983 26th (1983) 39th (1983) Bill Terry Fairview, North Carolina 32 Bosco Lowe
4%
3 1983-1985 37th (1984) 18th (1985) Roger Hamby, Elmo Langley Littleton, Colorado 10, 17, 64 Clark Dwyer
4%
1 1978 35th (1978) 22nd (1978) G.C. Spencer Paris, France 49 Claude Ballot-Lena
4%
2 1967, 1968 25th (1968) 20th (1968) CL Christiansburg, Virginia 20 Clyde Lynn
4%
1 1964 19th (1964) 10th (1964) Bill Stroppe El Monte, California 17 Dave MacDonald
4%
1 1979 25th (1979) 26th (1979) Phil Howard Milton, Wisconsin 37 Dave Watson
4%
1 1976 16th (1976) 34th (1976) DeWitt Racin Royal Leamington Spa, England 73 David Hobbs
4%
1 1963 19th (1963) 37th (1963) Romy Hammes Mishiwaka, Indiana 81 Dick Good
4%
1 1974 37th (1972) 31st (1972) Doc Faustina Seattle, Washington 5 Dick Simon
4%
2 1980-1981 13th (1981) 14th (1981) Roger Hamby, Scott Smith Lubbock, Texas 17, 93 Don Whittington
4%
3 1984-1986 23rd (1984, 1985) 15th (1986) Heveron Racing, Hamby Motorsports Liverpool, New York 01, 10, 17 Doug Heveron
4%
2 1968-1969 26th (1969) 22nd (1969) Neil Castles, Richard Giachetti, Charlotte, North Carolina 06, 44 Dub Simpson
4%
2 1965-1966 4th (1966) 4th (1965) Bud Moore Engineering, Ray Fox Floyds Knobs, Indiana 15, 3 Earl Balmer
4%
5 1971, 1973, 1975-1977 22nd (1977) 13th (1976) EN, Frank Warren, EN Kelso, Washington 8, 79 Ed Negre
4%
1 1988 40th (1988) 24th (1988) Mike Curb Newburgh, New York 98 Ed Pimm
4%
1 1963 29th (1963) 33rd (1963) Paul Clayton Chesnee, South Carolina 70 Floyd Powell
4%
1 1963 44th (1963) 34th (1963) Ed Livingston Charleston Heights, South Carolina 68 Frank Graham
4%
5 1961, 1967, 1969-1971 16th (1970) 13th (1969) Fred Clark, Red Sharp, FH, James Hanley, FH Chattanooga, Tennessee 39 Friday Hassler
4%
2 1974-1975 5th (1974) 20th (1974) Bud Moore Engineering, Moyer Racing Arcadia, California 15, 33 George Follmer
4%
3 1965, 1967-1968 17th (1965) 5th (1967) Tom Friedkin Escondido, California 72, 40, 14 Jerry Grant
4%
10 1963, 1966-1968, 1970-1972, 1974, 1976-1977 6th (1966) 6th (1966) Petty Enterprises, Norm Nelson, Lyle Stelter, Tom Pistone, Jimmy McCain, Richard Hammond, Dan Bray, Junior Miller North Tonawanda, New York 41, 56, 10, 56, 59, 20, 56, 95 Jim Hurtubise
4%
1 1972 17th (1972) 31st (1972) Don Bierschwale Austin, Texas 61 Jimmy Finger
4%
1 1965 39th (1965) 38th (1965) N/A Charlotte, North Carolina 98 Jimmy Helms
4%
1 1980 28th (1980) 17th (1980) Wawak Racing West Lafayette, Indiana 74 Joe Booher
4%
3 1965-1967 18th (1967) 14th (1965-1966) Herman Beam, JTP, Arden, North Carolina 19 JT Putney
4%
1 1967 39th (1967) 35th (1967) Harold Collins Cordele, Georgia 62 Ken Spikes
4%
1 1989 21st (1989) 26th (1989) Lucky Compton Dayton, Ohio 69 Lee Raymond
4%
1 1979 23rd (1979) 22nd (1979) Stan Lasky Mt. Plesant, Pennsylvania 82 Paul Fess
4%
2 1960-1961 53rd (1961) 32nd (1961) Spook Crawford Columbus, Ohio 14, 64 Paul Parks
4%
1 1963 35th (1963) 29th (1963) Rocky Hinton Southington, Connecticut 84 Red Foote
4%
1 1983 28th (1983) 19th (1983) Charlie Henderson Greenville, South Carolina 26 Ronnie Hopkins
4%
3 1959-1960, 1968 45th (1960) 19th (1959) RT, E.C. Wilson, RT Red Springs, North Carolina 9, 78, 9 Roy Tyner
4%
2 1976-1977 25th (1977) 12th (1976) SW Dayton, Ohio 4 Salt Walther
4%
1 1969 10th (1969) 36th (1969) Wood Brothers San Bernardino, California 41 Swede Savage
4%
2 1969, 1972 13th (1972) 10th (1972) H.B. Ranier, Don Roberts Peckham, London, England 8, 23 Vic Elford
4%
1 1978 14th (1978) 29th (1978) James Hylton Abington, Pennsylvania 48 Al Holbert
0%
2 1968-1969 27th (1968) 9th (1969) H.B. Ranier Louisville, Kentucky 32, 58 Andy Hampton
0%
2 1980-1981 21st (1981) 11th (1981) RahMoc Enterprises North Miami, Florida 05, 57 Bill Elswick
0%
1 1964 44th (1964) 41st (1964) Casper Hensley Dandridge, Tennessee 82 Bill McMahan
0%
3 1978-1979, 1981 29th (1978) 20th (1979) W...... Racing Bloomington, Minnesota 39 Blackie Wangerin
0%
2 1966-1967 48th (1966) 31st (1966) Harry Neal New Alexandria, Pennsylvania 93, 45 Blackie Watt
0%
3 1974-1975, 1977 16th (1974) 9th (1977) Jack White, Ed Clark, Henley Gray Rossville, Georgia 57, 97, 19 Bob Burcham
0%
3 1960-1962 13th (1960, 1962) 35th (1962) RB Omaha, Nebraska 53 Bob Burdick
0%
1 1964 16th (1964) 35th (1964) Holman-Moody Racing Pottstown, Pennsylvania 06 Bobby Marshman
0%
2 1965-1966 12th (1965) 18th (1965) BD, Bub Strickler Houston, Texas 68, 08 Bob Derrington
0%
1 1967 49th (1967) 41st (1967) Cozze Brothers Flemington, New Jersey 80 Bob Pickell
0%
1 1968 34th (1968) 13th (1968) Doug Cutler Dorr, Michigan 84 Bob Senneker
0%
1 1975 39th (1975) 12th (1975) Opal Voight Indianapolis, Indiana 37 Bruce Jacobi
0%
5 1962-1966 11th (1965) 13th (1962) Petty Enterprises, Jim Stephens, Roscoe Sanders, Casper Hensley, Bob Rosenthal Fayetteville, North Carolina 42, 10, 71, 82, 22 Bunkie Blackburn
0%
1 1968 15th (1968) 16th (1968) BH Zanesville, Ohio 5 Butch Hartman
0%
1 1970 39th (1970 23rd (1970) Morris Davis Orange City, Florida 89 Butch Hirst
0%
1 1968 44th (1968) 23rd (1968) Roy Buckner Warner Robins, Georgia 96 Charles Burnett
0%
3 1959-1960, 1962 17th (1959) 3rd (1959) CG, Gerald Duke, JLJ Chattanooga, Tennessee 18, 92, 14 Charley Griffith
0%
2 1974-1975 23rd (1975) 38th (1974-1975) Morris Davis Punta Gorda, Florida 35 Dan Daughtry
0%
1 1972 25th (1972) 19th (1972) DRB Morrisville, North Carolina 57 David Ray Boggs
0%
1 1987 39th (1987) 28th (1987) Hamby Racing Dawsonville, Georgia 12 David Sosebee
0%
2 1983-1984 19th (1984) 15th (1983) Mueller Brothers Fair Grove, Missouri 89 Dean Roper
0%
1 1969 47th (1969) 49th (1969) Mack Sellers Sumter, South Carolina 82 Dick Poling
0%
1 1976 28th (1976) 31st (1976) Tom Goff Claremont, New Hampshire 78 Dick Skillen
0%
1 1965 8th (1965) 15th (1965) Don Snyder Greensboro, North Carolina 74 Donald Tucker
0%
1* 1968 50th(1968) 28th (1968) James Brown, Port Credit, Ontario 95 Don Biederman
0%
1 1981 39th (1981) 20th (1981) Bob Rogers Greenville, South Carolina 37 Don Sprouse
0%
1 1965 14th (1965) 18th (1965) Joe Keistler Huntersville, North Carolina 81 Don Tilley
0%
1 1967 29th (1967) 14th (1967) Ted Sidwell Zanesville, Ohio 41 Dorus Wisecarver
0%
1 1972 27th (1972) 20th (1972) EH Trenton, New Jersey 15 Ed Hessert
0%
1 1969 38th (1976) 26th (1976) E.C. Reid Deep Gap, North Carolina 08 EJ Trivette
0%
2 1961-1962 16th (1962) 12th (1962) John Koszela, Rocky Hinton Dover, New Hampshire 55, 84 Ernie Gahan
0%
1 1971 34th (1971) 15th (1971) Buster Davis Baton Rouge, Louisiana 04 Freddy Fryar
0%
1 1969 44th (1969) 21st (1969) Robert Schultz Covington, Kentucky 75 George Bauer
0%
1 1967 48th (1967) 49th (1967) Tom Hixon Dallas, Texas 51 George England
0%
1 1965 41st (1965) 24th (1965) N/A Peoria, Illinois 99 Herb Shannon
0%
1 1978 26th (1978) 20th (1978) Charles Dean Denver, Colorado 28 Jerry Jolly
0%
2 1962-1963 42nd (1962) 15th (1962) Jack Russells Lansing, Michigan 95 Jim Cushman
0%
1 1980 30th (1980) 38th (1980) Frank Warren Mahomet, Illinois 79 Jim Hurlbert
0%
1 1964 26th (1964) 25th (1964) Bill Stroppe Arlington, Texas 14 Jim McElreath
0%
3 1959, 1962-1963 26th (1962) 23rd (1959) Happy Steigel, N/A, Ray Nichels Vero Beach, Florida 16, 31, 05 Jim McGuirk
0%
3 1976-1978 20th (1977) 23rd (1978) David Lee Sellers Jacksonville, Florida 26 Jimmy Lee Capps
0%
4 1960-1961, 1963-1964 6th (1964) 2nd (1964) Eb Clifton, JP, Pete Stewart, Charles Robinson North Wilkesboro, North Carolina 54 Jimmy Pardue
0%
5 1970-1971, 1973-1974, 1976 14th (1973) 12th (1971) JF Golden Valley, Minnesota 82, 18 Joe Frasson
0%
4 1974-1976, 1978 19th (1975) 17th (1976) Lou Viglione, Jim Norris Pittsburgh, Pennsylvania 60, 61, Joe Mihalic
0%
1 1965 38th (1965) 42nd (1965) Harold Rhodes Caycee, South Carolina 79 Joe Penland
0%
3 1973, 1979-1980 22nd (1979) 24th (1973) G.C. Spencer, Ed Whitaker Bluff City, Tennessee 49, 00 John Utsman
0%
1 1964 18th (1964) 13th (1964) Bondy Long Neuilly-Sur-Seine, France 77 Jo Schlesser
0%
1 1986 32nd (1986) 41st (1986) Cliff Stewart Thomasville, North Carolina 2 Kirk Bryant
0%
1 1971 29th (1971) 22nd (1971) Allan Schlauer Sparta, Wisconsin 68 Larry Baumel
0%
1 1972 30th (1972) 21st (1972) Richard Giachetti Marietta, Ohio 44 Larry Dickson
0%
1 1974 39th (1974) 29th (1974) Russell Large Newport, Tennessee 02 LD Ottinger
0%
1 1970 37th (1970) 33rd (1970) LB Jackson, Kentucky 95 Leonard Blanchard
0%
1 1982 36th (1982) 14th (1982) Roger Hamby Morgantown, West Virginia 17 Lowell Cowell
0%
1 1971 38th (1971) 19th (1971) Dick Brooks Porterville, California 40 Marv Acton
0%
2 1971, 1973 18th (1971) 23rd (1973) Nagle Racers Spencerport, New York 60 Maynard Troyer
0%
1 1970 20th (1970 24th (1970) Jack Janos Richfield, Wisconsin 93 Paul Feldner
0%
1 1971 36th (1971) 13th (1971) Don Robertson Mexico City, Mexico 25 Pedro Rodriguez
0%
1 1975 18th (1975) 29th (1975) Tilitco Enterprises Hollywood, Florida 74 Randy Tissot
0%
5 1960-1961, 1963-1965 20th (1965) 22nd (1964) Flying Rebel Racing, Ken Spikes, Ray Underwood Long Boat Key, Florida 95, 03 Reb Wickersham
0%
1 1966 41st (1966) 50th (1966) Ed Ackerman Agawam, Massachusetts 03 Rene Charland
0%
1 1988 40th (1988) 29th (1988) DJ Prospect, Kentucky 86 Rick Jeffrey
0%
1 1975 21st (1975) 31st (1975) N... Racing Fort Mill, South Carolina 20 Rick Newsom
0%
1 1965 25th (1965) 43rd (1965) Ronald Smith Jackson, New Jersey 39 Robert Vaughn
0%
1 1968 38th (1968) 21st (1968) Julian Kline Jacksonville, Florida 73 Rod Eulenfeld
0%
1 1978 15th (1978) 19th (1978) Rod Osterlund Sunnyvale, California 98 Roland Wlodyka
0%
1 1970 18th (1970) 30th (1970) CJ G Farmington, Michigan 05 Ron Grana
0%
2 1964, 1966 27th (1964) 34th (1964) H.B. Bailey Houston, Texas 04 Ronnie Chumley
0%
5 1965-1967, 1969-1970 24th (1970) 11th (1970) Bob Cooper, Tom Hunter Sumter, South Carolina 02, 46 Roy Mayne
0%
5 1960-1964 24th (1964) 14th (1961) Frank Filizer, Bob Rose, Tom Hawkins, Herb Onash Chicago, Illinois 52, 23, 88, 80, 09 Sal Tovella
0%
1 1977 36th (1977) 31st (1977) M.C. Anderson Savannah, Georgia 27 Sam Sommers
0%
1 1964 29th (1964) 20th (1964) Rocky Hinton Pelham, New Hampshire 84 Smokey Boutwell
0%
3 1966-1968 18th (1967) 7th (1967) Junie Donlavey Richmond, Virginia 90 Sonny Hutchins
0%
1 1968 43rd (1968) 41st (1968) Margo Hamm Winslow, Maine 51 Stan Meserve
0%
1 1963 24th (1963) 49th (1963) Parker Snead Richmond, Virginia 72 Ted Hairfield
0%
1 1976 19th (1976) 8th (1976) Billy Moyer Shawnee Mission, Kansas 63 Terry Bivins
0%
1 1975 29th (1975) 40th (1975) WT Troy, Michigan 81 Warren Tope
0%
3 1959-1961 14th (1959) 22nd (1959) Joe Jones Dallas, Georgia 92 Wilbur Rakestraw
0%
No matching quizzes found
Score Distribution
Percent of People with Each Score
Percentile by Number Answered
Your Score History
You have not taken this quiz since the last reset